000 00720nmc a2200277 a 4500
003 AR-BaBNM
005 20251128204520.0
008 011101s1995 ||||||||||||||000 | spa||
020 _a950-534-334-5
040 _cAR-BaBNM
100 1 _aRaiter, Alejandro
245 1 0 _aLenguaje en uso
_benfoque sociolingüístico
260 _aBuenos Aires
_bA-Z editora
_c1995
300 0 _a131 p.
490 0 _aCiencias del lenguaje
504 _aBibliografía en p. 131
650 4 _aLINGUISTICA
650 4 _aLENGUAJE
650 4 _aSOCIOLINGUISTICA
650 4 _aBILINGUISMO
650 4 _aPOLITICA LINGUISTICA
650 4 _aCOMUNICACION SOCIAL
653 0 _aANALISIS DEL DISCURSO
942 _cBK
998 _cMarce
999 _c7737
_d7737